Výskum renesančného kaštieľa v Bojnej-Malých Dvoranoch

Bibliographic Details
Main Author: Urminský, Jozef, 1974- (Author)
Format: Article
Language:Slovak
PhysicalDescription:Mp., obr.
ISBN:808870992X
ISSN:0231-925X
Subjects:

MARC

LEADER 00000nab a2200000 a 4500
001 vtls008956383
003 SK-MaSNL
005 20260305044153.0
008 250505c2006 xo |||||| a ||00 b|slo
015 |a SNBRB2007/03  |2 snkbucl 
035 |a (uuid)bc606407-09bb-47a2-b15f-77d02e75faf6 
035 |a urn:nbn:sk:snk-abzqg 
035 |a (urnnbn)urn:nbn:sk:snk:ar-a03y2d 
038 |a SNKBUCL 
040 |a SNKBUCL  |b slo  |c SNKBUCL  |e AACR2 
041 0 |a slo  |b ger 
044 |a xo  |c SK 
080 |a 904:728.8  |x (437.6)  |2 1997 
080 |a 728.8  |x (437.6)  |2 1997 
080 |a 902.2  |x (437.6)  |2 1997 
080 |a 904  |x (437.6)  |x "15/18"  |2 1997 
100 1 |a Urminský, Jozef,  |d 1974-  |4 aut  |9 226899 
245 1 0 |a Výskum renesančného kaštieľa v Bojnej-Malých Dvoranoch  |c Jozef Urminský 
300 |b Mp., obr. 
546 |a Res. nem. 
610 1 7 |a Bojná (Slovensko : kaštieľ)  |2 snkbucl  |9 170163 
650 0 7 |a kaštiele  |2 snkbucl  |9 28599 
650 0 7 |a archeologické výskumy  |2 snkbucl  |9 74796 
650 0 7 |a sídliská (archeológia)  |2 snkbucl  |9 67918 
650 0 7 |a novovek  |2 snkbucl  |9 4260 
651 7 |a Malé Dvorany (Bojná, Slovensko)  |2 snkbucl  |9 99556 
651 7 |a Bojná (Slovensko)  |2 snkbucl  |9 89451 
773 0 |t Archeologické výskumy a nálezy na Slovensku v roku 2004  |d Nitra : Archeologický ústav SAV, 2006  |g S. 199-201  |x 0231-925X  |z 808870992X 
850 |a Slovenská národná knižnica 
852 |a Slovenská národná knižnica 
954 |a odborná, vedecká literatúra pôvodná (slovenská)  |2 lita 
958 |a article2022 
958 |a SK 
958 |a OND 
958 |a EUIPO 
999 |c 3356913  |d 3358843